[Event "Int. Schachfestival Basel 2015"]
[Site "Basel SUI"]
[Date "2015.01.04"]
[Round "6"]
[White "Lange, David"]
[Black "Suwendo, Poedjo"]
[Result "1/2-1/2"]
[WhiteElo "1923"]
[BlackElo "1870"]
[PlyCount "54"]
[EventDate "2015.01.01"]

1. d4 Nf6 2. c4 e6 3. Nf3 b6 4. Nc3 Bb7 5. e3 Bb4 6. Bd2 d6 7. Be2 O-O 8. O-O
Nbd7 9. Qb3 c5 10. a3 Bxc3 11. Bxc3 Ne4 12. Rfd1 Nxc3 13. Qxc3 Qc7 14. Rac1
Rac8 15. b4 h6 16. h3 Nf6 17. Nd2 Ne4 18. Nxe4 Bxe4 19. Bd3 cxb4 20. axb4 Bxd3
21. Qxd3 Qb7 22. Qa3 Rc7 23. c5 dxc5 24. dxc5 bxc5 25. Rxc5 Rxc5 26. bxc5 Rc8
27. Rd6 Qb5 1/2-1/2

[Event "Int. Schachfestival Basel 2015"]
[Site "Basel SUI"]
[Date "2015.01.05"]
[Round "7"]
[White "Sperzel, Bernd"]
[Black "Lange, David"]
[Result "0-1"]
[WhiteElo "1912"]
[BlackElo "1923"]
[PlyCount "58"]
[EventDate "2015.01.01"]

1. e4 c5 2. Nf3 d6 3. d4 cxd4 4. Nxd4 Nf6 5. Nc3 a6 6. Bc4 e6 7. Bb3 Be7 8. Qf3
O-O 9. Be3 Nbd7 10. h3 Qa5 11. O-O Nc5 12. a3 Qc7 13. Qe2 Nfxe4 14. Nxe4 Nxe4
15. c3 b5 16. Rad1 Bb7 17. Bc1 Nc5 18. Bc2 Bf6 19. Rfe1 Rad8 20. Qg4 Rfe8 21.
Re3 Nd7 22. Rde1 Ne5 23. Qe2 Ng6 24. Rg3 Bd5 25. Bb1 e5 26. Nf5 Bc4 27. Qc2 Be6
28. h4 e4 29. Qxe4 Bd7 0-1

[Event "Konnerud GP 2014"]
[Site "Drammen, Buskerud NOR"]
[Date "2014.11.29"]
[Round "2"]
[White "Thorvaldsen, Thomas"]
[Black "Ski, Alexander K"]
[Result "1/2-1/2"]
[WhiteElo "973"]
[BlackElo "872"]
[Annotator "Lea, Per"]
[PlyCount "90"]
[EventDate "2014.11.29"]

{Partiet er nedskrevet etter hukommelsen, og noen av kommentarene er derfor
kanskje ikke helt relevante...} 1. d4 {Ikke vanlige for spillere i denne
alderen, men et bevis på at man har kommet et stort steg opp fra
"skolematt"-nivået.} d5 2. c4 dxc4 ({De store gutta (og jentene!) spiller som
oftest} 2... e6) ({eller} 2... c6 {her. Med litt erfaring i sekken, vet
svartspillerne i mottatt dronninggambit at det er håpløst å forsøke å beholde
c4-bonden.}) 3. e3 Nf6 ({For eksempel er} 3... b5 {[%emt 0:00:00]} 4. a4 {
[%eval 0,0] [%emt 0:00:01]} c6 {[%emt 0:00:02]} 5. axb5 cxb5 6. Qf3 {
selvfølgelig helt håpløst for svart}) 4. Bxc4 e6 5. Nf3 Bb4+ 6. Nc3 Ne4 7. Qc2
{Svart prøver seg på enkle trusler som blir enkelt parert} Nxc3 8. bxc3 Bd6 9.
O-O Bd7 10. Bd3 h6 11. Rb1 Bc6 12. Be4 Bxe4 13. Qxe4 Nd7 $2 14. Rxb7 Nb6 {
Svart tror kanskje at tårnet er fanget} 15. Ne5 (15. c4 {er nesten direkte
avgjørende}) 15... Bxe5 16. Qxe5 Qd5 17. Qxc7 O-O 18. Rxa7 Rxa7 19. Qxa7 Nc8
20. Qa3 Nb6 21. Re1 Ra8 22. Qb4 Qc6 23. Ba3 Nd5 24. Qb3 Qxc3 25. Qxc3 Nxc3 26.
Bb4 Nd5 ({Etter} 26... Nxa2 27. Ra1 Rb8 28. Bc5 Nc3 {må hvit slite for å vinne}
) 27. Bd6 $2 (27. a3 {og hvit bør vinne greit}) 27... Rxa2 28. h3 Ra8 29. e4
Nf6 30. Be7 Nd7 31. d5 exd5 32. exd5 f6 33. Bb4 Ra4 34. Re7 Rxb4 35. Rxd7 Rd4
36. Rd8+ $2 {Sørger bare for å aktivisere svarts konge, og da kan fribonden
fort vise seg å bli svak} ({Etter} 36. Kf1 g5 37. Ke2 Kf8 38. f3 Ke8 39. Rd6
Ke7 40. Ke3 Rd1 41. Re6+ Kf7 42. Ke4 {har svart problemer (men remissjanser i
praktisk spill)}) 36... Kf7 37. d6 Ke6 38. Rg8 Rxd6 39. Rxg7 Rd1+ 40. Kh2 Rd2
41. Kg3 Kf5 42. Rg4 h5 43. Rc4 Rd3+ 44. f3 Rd2 45. Rc5+ Kg6 {Hvit har en liten
fordel som kan bli vanskelig å realisere} 1/2-1/2

[Event "Konnerud GP 2014"]
[Site "Drammen, Buskerud NOR"]
[Date "2014.11.30"]
[Round "5"]
[White "Thorvaldsen, Thomas"]
[Black "Evensen, Per-Erik"]
[Result "1-0"]
[WhiteElo "973"]
[BlackElo "1039"]
[Annotator "Lea, Per"]
[PlyCount "109"]
[EventDate "2014.11.29"]

1. e4 c6 2. Nf3 ({Når svart svarer med slike forsiktige trekk, er det vanlig
for hvit å spille} 2. d4 {Hvoretter en vanlig fortsettelse er} d5 3. Nc3 dxe4
4. Nxe4 Bf5 5. Ng3 Bg6 6. Nf3 e6 7. h4 h6 8. h5 Bh7 9. Bd3 Bxd3 10. Qxd3 Nf6)
2... d5 3. Nc3 Bg4 ({Her ville jeg trodd at svart kunne spilt} 3... d4 {men
etter} 4. Ne2 c5 {med godt spill, men spesialistene (=silisiumhjernene) er
uenige...}) 4. Be2 Bxf3 5. Bxf3 d4 6. Ne2 e5 7. d3 Be7 8. Ng3 Nf6 9. Nf5 O-O
10. h4 Re8 11. h5 Bf8 12. h6 g6 13. Ng7 Bxg7 14. hxg7 Kxg7 15. Bh6+ Kh8 16. Qd2
Qd6 17. O-O-O Nbd7 18. Rh2 Qe6 19. Kb1 Ng4 20. Rh4 ({Mer direkte er} 20. Bxg4
Qxg4 21. Rdh1 Kg8 22. f4 exf4 23. Bxf4 h5 24. Rh4 Qe6 25. g4 {Hvit må prøve
alt for å få åpnet linjene!}) 20... Nxh6 21. Qxh6 Nf6 22. Bg4 Qd6 23. g3 (23.
Rdh1 a5 24. Be2 Qf8 25. Qg5 Qg7 26. f4 exf4 27. R4h3 {For å kunne slå på f4
uten å gå inn i gaffel. Men bonde kunne også slås med tårnet med en gang.} Nd7
28. Qxf4 ({Etter} 28. Rxh7+ Qxh7 29. Rxh7+ Kxh7 30. c3 {star hvit ørlite grann
bedre, men har ikke tilstrekkelig med materiell til a fortsette med
kongeangrepet})) 23... Rg8 24. f4 Rg7 25. Qg5 Re8 26. Bc8 {Originalt tenkt!}
Qe7 (26... Rxc8 27. fxe5 {og hvit får tilbake offiseren}) 27. Bxb7 {Fortsatt
orginalt, men litt i dristigste laget...} exf4 (27... Qxb7 28. Qxf6 {og hvit
står best,}) ({men etter} 27... Nxe4 $1 {ville fordelen vært i ferd med å
tippe over til svart}) 28. gxf4 h5 {Demmer opp for kongeangrepet, men det
koster materiell} 29. Bxc6 Rc8 30. Bb7 (30. e5 {kan se fristende ut, men:} Rxc6
31. exf6 Qxf6 {med lik stilling}) 30... Rc7 31. Ba6 ({Nå, derimot, er} 31. e5 {
godt:} Ng8 32. Bf3 Rc5 33. Qg3 {med klar fordel for hvit}) 31... Rc5 32. e5 Ng8
33. Rg1 Qe6 34. Rxh5+ $1 {Godt sett! Tårnet er tabu på grunn av matten på g7!}
Rh7 35. Rxh7+ Kxh7 36. Bc4 Qe7 37. Qxe7 ({Greit nok å spille på forenklinger
her, siden det innbringer enda en bonde. Men det snyter tilskuerne fra å kunne
bivåne et fortsatt angrep:} 37. Rh1+ Kg7 38. Qg2 Qe8 39. Qh3 Kf8 40. Qh8 Ke7
41. Bxf7 Kxf7 42. Rh7+ Ke6 (42... Kf8 $4 43. Qg7#) 43. Rg7 Rc8 44. Qh3+ {men
her er det ikke lett å beholde oversikten. Ikke alle hadde sett:} Kd5 45. Rxg8
Qxg8 46. Qd7+ Kc5 47. Qb7 a5 48. a3 a4 49. b4+ axb3 50. cxb3 Rc6 51. b4+ Kd5
52. Qd7+ Rd6 53. Qxd6#) 37... Nxe7 38. Bxf7 Rc6 39. e6 Kg7 40. f5 Nxf5 41.
Rxg6+ Kf8 42. Rg8+ Ke7 43. Re8+ Kf6 44. Rg8 Rc7 45. b4 Nd6 46. Rf8 Nxf7 {Å
bytte ut alle offiserene er selvfølgelig håpløst her - men stillingen var
uansett tapt} 47. Rxf7+ Rxf7 48. exf7 Kxf7 49. c4 Ke6 50. Kc2 Kd6 51. a4 Kc6
52. Kd2 Kd6 53. Ke2 Ke5 54. Kf3 Kd6 55. Ke4 1-0

[Event "NM for ungdom 2014"]
[Site "Stavanger, Rogaland NOR"]
[Date "2014.11.14"]
[Round "2"]
[White "Fossan, Daniel"]
[Black "Lange, Magnus Øyvind"]
[Result "0-1"]
[WhiteElo "716"]
[BlackElo "702"]
[PlyCount "118"]
[EventDate "2014.11.14"]

1. e4 e5 2. Nf3 Nc6 3. Bc4 Be7 4. c3 Nf6 5. d4 d6 6. dxe5 Nxe5 7. Nxe5 dxe5 8.
Qxd8+ Bxd8 9. O-O O-O 10. Bg5 Nxe4 11. Bxd8 Rxd8 12. Re1 Nd6 13. Bd5 c6 14. Bf3
Re8 15. Nd2 f5 16. h3 e4 17. Be2 f4 18. Bc4+ Nxc4 19. Nxc4 Re6 20. Rad1 Kf7 21.
Rd8 Ke7 22. Red1 e3 23. fxe3 fxe3 24. R8d3 e2 25. Re1 b5 26. Ne3 Ba6 27. Kf2
Rf8+ 28. Kxe2 b4 29. c4 Bxc4 30. Kd2 Rf2+ 31. Re2 Rxe2+ 32. Kxe2 Bxd3+ 33. Kxd3
Kd6 34. Nc4+ Kc5 35. Na5 Rg6 36. Nb7+ Kb6 37. Nd8 Rd6+ 38. Kc4 Rxd8 39. Kxb4
Rd2 40. Kb3 Rxg2 41. a4 a5 42. Kc3 Rg3+ 43. Kc4 Rxh3 44. b4 g5 45. bxa5+ Kxa5
46. Kd4 Rf3 47. Ke4 Rf8 48. Ke5 g4 49. Kd6 g3 50. Kxc6 g2 51. Kd6 g1=Q 52. Ke7
Qf2 53. Ke6 Qd2 54. Ke7 Rf1 55. Ke6 Re1+ 56. Kf7 Qf2+ 57. Kg7 Rg1+ 58. Kh8 Qb2+
59. Kxh7 Qh2# 0-1

[Event "NM for ungdom 2014"]
[Site "Stavanger, Rogaland NOR"]
[Date "2014.11.15"]
[Round "3"]
[White "Lange, Magnus Øyvind"]
[Black "Nesse, David"]
[Result "0-1"]
[WhiteElo "702"]
[BlackElo "947"]
[PlyCount "127"]
[EventDate "2014.11.14"]

1. e4 c5 2. Nf3 Nc6 3. Nc3 Nf6 4. d3 d6 5. Be2 h6 6. Nd5 e6 7. Nxf6+ Qxf6 8. g4
g5 9. c3 e5 10. h3 Be6 11. Be3 Bg7 12. c4 O-O-O 13. Qa4 Kb8 14. Bd2 Bd7 15. Qa3
Rc8 16. O-O-O Qd8 17. Kb1 Qb6 18. Rc1 Rc7 19. Rc3 Qb4 20. Qxb4 Nxb4 21. Rb3 Ba4
22. Ra3 Bc2+ 23. Kc1 Rc6 24. Bxb4 cxb4 25. Ra5 b3 26. axb3 Bxb3 27. Rb5 Ba4 28.
Ra5 Ra6 29. b4 Rxa5 30. bxa5 Kc7 31. Kb2 Rb8 32. Kc3 Bc6 33. h4 gxh4 34. Nxh4
b5 35. cxb5 Rxb5 36. Kc2 Rxa5 37. Nf5 Bf8 38. Nxh6 Ra2+ 39. Kc3 Rxe2 40. Nxf7
Bd7 41. Rh8 Be7 42. Rg8 Be6 43. Rg7 Bxf7 44. Rxf7 Kd7 45. g5 Ke6 46. g6 a5 47.
Rf3 Bf6 48. Kb3 Ke7 49. Ka4 Ra2+ 50. Kb3 Ra1 51. Kb2 Rg1 52. Rg3 Rxg3 53. fxg3
Kd7 54. Kb3 Kc6 55. Ka4 Kc5 56. Kxa5 Kd4 57. Kb5 Kxd3 58. Kc6 Kxe4 59. Kxd6 Kf3
60. Ke6 Bh8 61. Kf7 e4 62. g7 Bxg7 63. Kxg7 Kxg3 64. Kf6 0-1

[Event "NM for ungdom 2014"]
[Site "Stavanger, Rogaland NOR"]
[Date "2014.11.15"]
[Round "4"]
[White "Bruaset, Eskil"]
[Black "Lange, Magnus Øyvind"]
[Result "0-1"]
[WhiteElo "906"]
[BlackElo "702"]
[PlyCount "98"]
[EventDate "2014.11.14"]

1. d4 d5 2. e4 dxe4 3. Nc3 Nf6 4. f3 exf3 5. Nxf3 e6 6. Bd3 c5 7. Bg5 cxd4 8.
Nxd4 e5 9. Nf3 Qb6 10. Bxf6 Qxf6 11. Nd5 Qd6 12. Bc4 Bg4 13. h3 Bh5 14. Qe2
Bxf3 15. Qxf3 Nc6 16. O-O-O Qh6+ 17. Kb1 O-O-O 18. Qxf7 Bd6 19. Rd3 b5 20. Rb3
Rhf8 21. Nb6+ axb6 22. Qd5 Bc5 23. Qe6+ Qxe6 24. Bxe6+ Kc7 25. Bg4 e4 26. Re1
Rde8 27. Be2 Nd4 28. Rg3 Nxe2 29. Rxg7+ Re7 30. Rxe7+ Bxe7 31. a3 Ng3 32. Re3
Bh4 33. c3 Rf2 34. Kc1 Rxg2 35. Kd1 Rxb2 36. Kc1 Rh2 37. Kb1 Kd6 38. Re1 Kc5
39. Rd1 e3 40. Kc1 Rh1 41. Rxh1 Nxh1 42. Kd1 Kd5 43. Ke2 Ke4 44. c4 bxc4 45. a4
c3 46. a5 bxa5 47. Kf1 c2 48. Ke2 Ng3+ 49. Ke1 c1=Q# 0-1

[Event "NM for ungdom 2014"]
[Site "Stavanger, Rogaland NOR"]
[Date "2014.11.15"]
[Round "5"]
[White "Lange, Magnus Øyyvind"]
[Black "Wanvik, Tim"]
[Result "0-1"]
[WhiteElo "702"]
[BlackElo "946"]
[PlyCount "73"]
[EventDate "2014.11.14"]

1. d4 Nf6 2. Nc3 g6 3. e4 d6 4. Be3 Bg7 5. Nf3 O-O 6. Qd2 c5 7. e5 dxe5 8. dxe5
Qxd2+ 9. Bxd2 Nfd7 10. Bc4 Nxe5 11. Nxe5 Bxe5 12. O-O Bd7 13. Bh6 Re8 14. Rfe1
Bf6 15. Nd5 b5 16. Nc7 bxc4 17. Nxa8 Na6 18. c3 Rxa8 19. Rad1 Be6 20. Rd2 Bf5
21. Red1 e6 22. f3 Bd3 23. g4 g5 24. h4 gxh4 25. g5 Be5 26. Kg2 Bf4 27. Rf2 Be3
28. b3 Bxf2 29. Kxf2 Bc2 30. Rd2 cxb3 31. axb3 Bxb3 32. Rb2 Bd5 33. Rd2 Nc7 34.
Ke3 a5 35. f4 a4 36. Rd1 a3 37. Ra1 0-1

[Event "NM for ungdom 2014"]
[Site "Stavanger, Rogaland NOR"]
[Date "2014.11.15"]
[Round "4"]
[White "Tryggestad, Linnea Garberg"]
[Black "Thorvaldsen, Thomas"]
[Result "1/2-1/2"]
[WhiteElo "970"]
[BlackElo "980"]
[PlyCount "39"]
[EventDate "2014.11.14"]

1. d4 {[%emt 0:01:14]} Nf6 {[%emt 0:00:05]} 2. c4 e6 3. Nc3 d5 4. Bg5 Be7 5.
Nf3 c6 6. e3 h6 7. Bh4 Nbd7 8. Be2 O-O 9. O-O Qb6 10. Qc2 Re8 11. Rfe1 c5 12.
Rad1 cxd4 13. exd4 Nf8 14. Ne5 N8d7 15. Nf3 Nf8 16. Qa4 Bd7 17. Qc2 Ng6 18. Bg3
Rac8 19. Bd3 Nf8 20. Ne5 1/2-1/2

[Event "NM for ungdom 2014"]
[Site "Stavanger, Rogaland NOR"]
[Date "2014.11.16"]
[Round "6"]
[White "Syreng, Gard Alexander Bye"]
[Black "Thorvaldsen, Thomas"]
[Result "1-0"]
[WhiteElo "840"]
[BlackElo "980"]
[Annotator "Thorvaldsen, Idun"]
[PlyCount "53"]
[EventDate "2014.11.14"]

1. e4 e5 2. Nf3 Nc6 3. Bc4 Nf6 4. Nc3 Bc5 5. d3 d6 6. Bg5 h6 7. Bh4 g5 8. Bg3
Bg4 9. h3 Bh5 10. Bh2 Qd7 11. Nd5 Nxd5 12. exd5 Nd4 {[%emt 0:00:00]} 13. g4 {
[%emt 0:00:01]} Bg6 14. c3 Nxf3+ 15. Qxf3 O-O-O 16. b4 Bb6 17. a4 a6 18. a5 Ba7
19. Bb3 f5 20. Ba4 Qf7 21. b5 axb5 22. Bxb5 f4 (22... fxg4 23. Qxf7 Bxf7) 23.
a6 bxa6 24. Rxa6 Kb8 25. Qe2 Qxd5 26. Bc6 Qxd3 27. Qb2+ 1-0

[Event "Blåbyen Grand Prix 2012"]
[Site "Sortland, Nordland NOR"]
[Date "2012.09.07"]
[Round "1"]
[White "Endresen, Ola Torstein"]
[Black "Saupstad, Halle"]
[Result "1-0"]
[WhiteElo "1240"]
[BlackElo "842"]
[PlyCount "65"]

1. d4 d5 2. c4 c6 3. Nc3 Nf6 4. Bf4 Bf5 5. e3 e6 6. Nf3 Bb4 7. Rc1 O-O 8. a3
Bd6 9. Bxd6 Qxd6 10. cxd5 cxd5 11. Nb5 Qb6 12. Nc7 Nbd7 13. Nxa8 Rxa8 14. b4
Re8 15. Bd3 Bg4 16. Be2 a5 17. Qb3 h6 18. O-O e5 19. Rfe1 e4 20. Nd2 Qd6 21.
bxa5 Bxe2 22. Rxe2 Ng4 23. Nf1 Qa6 24. Rec2 Kh7 25. Qxd5 Ndf6 26. Qxf7 Qxa5 27.
Rc7 Rg8 28. h3 Nxf2 29. Kxf2 Nd5 30. Qf5+ Kh8 31. Rc8 Ne7 32. Rxg8+ Nxg8 33.
Qxa5 1-0

[Event "Blåbyen Grand Prix 2012"]
[Site "Sortland, Nordland NOR"]
[Date "2012.09.08"]
[Round "3"]
[White "Shabalin, Vladimir"]
[Black "Endresen, Ola Torstein"]
[Result "0-1"]
[WhiteElo "1315"]
[BlackElo "1240"]
[PlyCount "90"]

1. e4 e6 2. d4 d5 3. exd5 exd5 4. Nf3 Bd6 5. Nc3 c6 6. h3 Nf6 7. Bg5 O-O 8. Be2
Bf5 9. O-O Nbd7 10. Bd3 Bxd3 11. Qxd3 h6 12. Bh4 Re8 13. Rfe1 Qc7 14. Bxf6 Nxf6
15. a3 Re7 16. Rxe7 Bxe7 17. Re1 Re8 18. Re5 Bd6 19. Rxe8+ Nxe8 20. b4 a6 21.
Na4 Nf6 22. Nc5 Bxc5 23. dxc5 Qe7 24. Kf1 Nd7 25. Qe3 Qxe3 26. fxe3 f6 27. Ke2
Ne5 28. Nxe5 fxe5 29. Kd3 Kf7 30. e4 d4 31. a4 Kf6 32. Kc4 Kg5 33. g3 h5 34. b5
a5 35. c3 dxc3 36. Kxc3 h4 37. g4 Kf4 38. Kd3 g5 39. b6 Kf3 40. Kd2 Kg3 41. Ke3
Kxh3 42. Kf3 Kh2 43. Kf2 h3 44. Kf3 Kg1 45. Kg3 h2 0-1

[Event "Blåbyen Grand Prix 2012"]
[Site "Sortland, Nordland NOR"]
[Date "2012.09.09"]
[Round "4"]
[White "Endresen, Ola Torstein"]
[Black "Jakobsen, Jarle"]
[Result "0-1"]
[WhiteElo "1240"]
[BlackElo "1477"]
[PlyCount "60"]

1. d4 Nf6 2. c4 g6 3. Nf3 Bg7 4. Bf4 d5 5. e3 O-O 6. Nc3 c5 7. Be2 cxd4 8. Nxd4
Qa5 9. Nb3 Qb4 10. a3 Qb6 11. cxd5 a5 12. Qc2 Bf5 13. e4 Nxe4 14. Nxe4 Bxe4 15.
Qxe4 Qxb3 16. Be5 Nd7 17. Bxg7 Kxg7 18. Qd4+ Nf6 19. Bc4 Qa4 20. b3 Qd7 21. O-O
b5 22. Be2 Rfd8 23. Bf3 Ra6 24. Rfd1 Kf8 25. Rd2 Rd6 26. Rad1 Qf5 27. Be4 Qxe4
28. Qc3 Rxd5 29. Rxd5 Rxd5 30. Re1 Qf5 0-1

[Event "Blåbyen Grand Prix 2012"]
[Site "Sortland, Nordland NOR"]
[Date "2012.09.09"]
[Round "5"]
[White "Natvig, Håkon Tonulltre"]
[Black "Endresen, Ola Torstein"]
[Result "1/2-1/2"]
[WhiteElo "1351"]
[BlackElo "1240"]
[PlyCount "78"]

{Game analysis^13 ^10 Processor: Intel(R) Core(TM) i7-3517U CPU @ 1.90GHz (@2,
39GHz)^13 ^10 Engine(s): Houdini 2 IDeA^13 ^10 Analysis time: 0:10:49} 1. Nf3
d5 2. d4 Bf5 3. c4 e6 4. Nc3 Nf6 {N} (4... Nc6 5. Bf4 Nf6 6. e3 Be7 7. cxd5
Nxd5 8. Bg3 O-O 9. Be2 {
...1-0, Kramnik Vladimir 2730 - Short Nigel D 2645 , Horgen 1995 It (cat.17)})
(4... c6 5. Qb3 Qb6 6. c5 Qxb3 7. axb3 Nd7 8. b4 a6 9. b5 {...1/2-1/2, Van
Wely Loek 2648 - Morozevich Alexander 2707 , Monte Carlo 19. 3.2005 It "Melody
Amber" (active)}) 5. Bg5 Be7 6. e3 O-O 7. Bd3 Bxd3 8. Qxd3 c6 9. O-O dxc4 {N}
10. Qxc4 Nbd7 11. Rad1 {N} Nb6 12. Qb3 Rb8 13. Rfe1 Nfd5 14. Bxe7 Qxe7 15. e4
Nf6 16. d5 exd5 17. exd5 Qd6 $6 (17... Qc5 $5 18. dxc6 bxc6 19. Qc2 Rfe8 20.
Qc1 Rbc8 21. Ne2 Qxc1 22. Rxc1 c5 23. Nc3 {+0.29}) 18. dxc6 Qxc6 19. Re7 Nbd7
20. Ng5 (20. h3 Rbd8 21. Qb4 {+0.76}) 20... Qb6 (20... Nc5 21. Qb4 Rbe8 22.
Rxe8 Rxe8 23. Qc4 {+0.48}) 21. Qxb6 (21. Rxf7 Qxb3 22. Rxf8+ Rxf8 23. axb3 Re8
24. g3 Ne5 25. Kg2 Nf7 26. f4 h6 {+0.76}) 21... Nxb6 22. g3 Rfe8 23. Rxe8+ Rxe8
24. Rd4 Kf8 25. Kg2 Rc8 26. Rb4 g6 27. Nb5 a5 28. Rb3 a4 29. Rf3 Kg7 30. Nd6
Rc2 31. Ngxf7 Rxb2 32. Nd8 Nbd5 33. a3 b5 34. Ne6+ Kg8 35. h3 b4 36. Nc5 Rb1
37. axb4 Rxb4 38. Ra3 Rb6 39. Nc4 Rc6 {[%eval 13,15]} 1/2-1/2

[Event "XIII INTERNATIONAL CHESS HOLIDAY"]
[Site "?"]
[Date "2003.07.28"]
[Round "3"]
[White "Kammer, Roland"]
[Black "Kirkebø, Carl Peter"]
[Result "0-1"]
[WhiteElo "2172"]
[BlackElo "2136"]
[PlyCount "54"]
[EventDate "2003.??.??"]

1. e4 c5 2. Nf3 Nc6 3. d4 cxd4 4. Nxd4 Nf6 5. Nc3 e5 6. Ndb5 d6 7. Bg5 a6 8.
Na3 b5 9. Bxf6 gxf6 10. Nd5 Bg7 11. c3 f5 12. exf5 Bxf5 13. Nc2 O-O 14. Nce3
Bg6 15. g4 Be4 16. Rg1 b4 17. Qa4 Bxd5 18. Nxd5 bxc3 19. bxc3 Ne7 20. Nxe7+
Qxe7 21. Qe4 d5 22. Qxd5 e4 23. Rc1 Rfd8 24. Qa5 Qd6 25. c4 Bb2 26. Qg5+ Kf8
27. Rg3 e3 0-1

[Event "Det åpne NM 2002"]
[Site "Oslo NOR"]
[Date "2002.03.23"]
[Round "1"]
[White "Ådnøy, Hallvard Voll"]
[Black "Engevik, Bjarne Johan"]
[Result "1-0"]
[WhiteElo "2178"]
[BlackElo "1516"]
[PlyCount "89"]
[EventDate "2002.??.??"]

1. e4 e6 2. d4 d5 3. Nc3 dxe4 4. Nxe4 Nf6 5. Nxf6+ Qxf6 6. Nf3 h6 7. c3 Bd6 8.
Bd3 O-O 9. Qe2 c5 10. g4 g5 11. h4 Bf4 12. hxg5 hxg5 13. Rh5 Rd8 14. Bxf4 Qxf4
15. Rxg5+ Kf8 16. Rxc5 b6 17. Rh5 Bb7 18. Ne5 Nd7 19. Nxd7+ Rxd7 20. Re5 Bf3
21. Qe3 Qxe3+ 22. fxe3 Bxg4 23. Rg5 f5 24. Kf2 Kf7 25. Kg3 Rh8 26. Rf1 Rh3+ 27.
Kf4 Rh4 28. Kg3 Rh3+ 29. Kg2 Rh4 30. Rf4 Kf6 31. Rg8 Rdh7 32. Rgxg4 Rh2+ 33.
Kf1 Rd2 34. Rh4 Rg7 35. Rh6+ Ke7 36. Rf2 Rd1+ 37. Ke2 Rgg1 38. Bc4 f4 39. Rxf4
Rb1 40. Rxe6+ Kd8 41. Rf8+ Kd7 42. Rf7+ Kd8 43. Rh6 Rxb2+ 44. Kd3 Rg8 45. Rxa7
1-0

[Event "Det åpne NM 2002"]
[Site "Oslo NOR"]
[Date "2002.03.23"]
[Round "1"]
[White "Høva, Frode"]
[Black "Martinsen, Stig K."]
[Result "0-1"]
[WhiteElo "1474"]
[BlackElo "2078"]
[PlyCount "40"]

1. d4 d6 2. c4 f5 3. Nf3 Nf6 4. g3 g6 5. Bg2 Bg7 6. O-O O-O 7. Nc3 Qe8 8. Re1
Qf7 9. b3 h6 10. e4 fxe4 11. Nxe4 c5 12. Bb2 Nxe4 13. Rxe4 Bf5 14. Re3 Nc6 15.
Qd2 Qf6 16. Rd1 Bg4 17. d5 Nd4 18. Bxd4 cxd4 19. Qxd4 Qxd4 20. Rxd4 Bxf3 0-1

[Event "Det åpne NM 2002"]
[Site "Oslo NOR"]
[Date "2002.03.24"]
[Round "2"]
[White "Bentsen, Håkon"]
[Black "Ådnøy, Hallvard Voll"]
[Result "1/2-1/2"]
[WhiteElo "2178"]
[BlackElo "1854"]
[PlyCount "77"]

1. e4 e5 2. Nf3 d6 3. Bc4 c6 4. Nc3 Be7 5. d4 Nd7 6. a4 Ngf6 7. O-O O-O 8. Re1
b6 9. d5 cxd5 10. Bxd5 Nxd5 11. Nxd5 Bb7 12. c4 Rc8 13. b3 Nf6 14. Ba3 Nxd5 15.
exd5 f5 16. Ra2 Bf6 17. Rae2 a6 18. Qd2 Rf7 19. h4 h6 20. g3 Rfc7 21. Qb4 Rc5
22. Qd2 R5c7 23. Qb4 Rd7 24. Bc1 e4 25. Nh2 b5 26. axb5 axb5 27. Qxb5 Rc5 28.
Qb4 Ba8 29. Bd2 Rb7 30. Qa3 Qb8 31. Bf4 Qd8 32. Ra2 Rb8 33. Qa6 Rcc8 34. Qa3
Bxd5 35. Qxd6 Qxd6 36. Bxd6 Rb6 37. cxd5 Rxd6 38. Rd1 Rb8 39. Nf1 1/2-1/2

[Event "Det åpne NM 2002"]
[Site "Oslo NOR"]
[Date "2002.03.24"]
[Round "2"]
[White "Engevik, Sissel M."]
[Black "Høva, Frode"]
[Result "0-1"]
[WhiteElo "767"]
[BlackElo "1474"]
[PlyCount "96"]

1. e4 c5 2. Nf3 d6 3. Bc4 e6 4. O-O Nf6 5. c3 Nc6 6. Re1 Be7 7. d4 cxd4 8. cxd4
O-O 9. e5 dxe5 10. Nxe5 Nxd4 11. Qd3 Nc6 12. Bf4 Nxe5 13. Bxe5 Qxd3 14. Bxd3
Bd7 15. Nc3 Bc6 16. Bxf6 Bxf6 17. f3 Rfd8 18. Rad1 Rd7 19. Rd2 Bg5 20. Rdd1
Rad8 21. Be4 Rxd1 22. Nxd1 Bxe4 23. fxe4 Bf6 24. e5 Bxe5 25. Nc3 Bf6 26. Re2
Bxc3 27. bxc3 Kf8 28. Kf2 Ke7 29. Rc2 Rc8 30. Ke2 e5 31. Kd3 f5 32. c4 b6 33.
h3 h5 34. h4 Ke6 35. a4 Kf6 36. Kc3 f4 37. Kb4 e4 38. a5 bxa5+ 39. Kxa5 Rc7 40.
c5 Ke5 41. Kb5 e3 42. c6 Kd4 43. Rc4+ Kd3 44. Rxf4 e2 45. Rf3+ Ke4 46. Kc5 e1=Q
47. Kd6 Qa5 48. Rf2 Qe5# 0-1

[Event "Det åpne NM 2002"]
[Site "Oslo NOR"]
[Date "2002.03.24"]
[Round "3"]
[White "Ådnøy, Hallvard Voll"]
[Black "Wilsbeck, Jan Børge"]
[Result "1-0"]
[WhiteElo "2178"]
[BlackElo "1761"]
[PlyCount "77"]
[EventDate "2002.??.??"]

1. e4 c5 2. Nf3 e6 3. d3 Nc6 4. g3 g6 5. Bg2 Bg7 6. O-O Nge7 7. Re1 O-O 8. e5
d5 9. exd6 Qxd6 10. Nbd2 b6 11. Nc4 Qd8 12. a4 Ba6 13. Qe2 Rc8 14. c3 h6 15.
Bd2 Nf5 16. Rad1 Qe7 17. Bf4 g5 18. g4 Bxc4 19. dxc4 gxf4 20. gxf5 e5 21. Nd2
Rfd8 22. Qg4 Qg5 23. Qxg5 hxg5 24. Bxc6 Rxc6 25. Ne4 Rxd1 26. Rxd1 f6 27. Rd7
Rc8 28. h3 a6 29. Kg2 Rb8 30. Kf3 b5 31. cxb5 axb5 32. a5 Ra8 33. b4 cxb4 34.
cxb4 Ra6 35. Nc5 Ra8 36. a6 Bf8 37. a7 Bxc5 38. bxc5 b4 39. Rb7 1-0

[Event "Det åpne NM 2002"]
[Site "Oslo NOR"]
[Date "2002.03.24"]
[Round "3"]
[White "Høva, Frode"]
[Black "Taksrud, Vidar"]
[Result "0-1"]
[WhiteElo "1474"]
[BlackElo "1888"]
[PlyCount "92"]
[EventDate "2002.??.??"]

1. d4 Nf6 2. c4 e6 3. Nc3 Bb4 4. a3 Bxc3+ 5. bxc3 c5 6. e3 b6 7. Bd3 Nc6 8. Ne2
Ba6 9. e4 e5 10. Bg5 h6 11. Bh4 O-O 12. O-O d6 13. f4 exf4 14. Bxf6 Qxf6 15.
Nxf4 cxd4 16. Nd5 Qd8 17. cxd4 Nxd4 18. Qg4 Bc8 19. Qg3 Be6 20. Nf6+ Kh8 21.
Nh5 Qg5 22. Nf4 Qxg3 23. hxg3 Rac8 24. Rad1 Bg4 25. Rd2 Nb3 26. Rdf2 Nc5 {#}
27. Ng6+ Kg8 28. Ne7+ Kh7 29. Nxc8 Nxd3 30. Rd2 Rxc8 31. Rxf7 Ne5 32. Rxa7 Nxc4
33. Rf2 Ne5 34. Rb2 Rc1+ 35. Kh2 Be6 36. g4 Rc3 37. Kg1 Nxg4 38. Rb1 b5 39. Ra6
Bc4 40. Rxd6 Rxa3 41. Re1 Ne5 42. Rd2 b4 43. Rc2 b3 44. Rc3 Ra2 45. Rb1 Rc2 46.
Rc1 Rxc3 0-1